Antes de un momento / (Registro nro. 12624)

Detalles MARC
000 -LIDER
fixed length control field 01133nam a2200313 a 4500
001 - NÚMERO DE CONTROL
Identificador de número de control 000038895
003 - IDENTIFICACDOR DE NÚMERO DE CONTROL
control field DO-SdBNP
005 - DATE AND TIME OF LATEST TRANSACTION
control field 20171018082709.0
008 - ELEMENTOS DE LONGITUD FIJA
fixed length control field 130306s2009 dr 001 0 spa d
020 ## - ISBN
International Standard Book Number 9789945449129
040 ## - FUENTE DE CATALOGACIÓN
Agencia que crea de manera original el registro BPMSU
Idioma de catalogación spa
Agencia que realiza la transcripción BPMSU
082 04 - NÚMERO DE CLASIFICACIÓN DECIMAL DE DEWEY
Classification number 248.4
Item number R788a
100 1# - ASIENTO PRINCIPAL -- NOMBRE PERSONAL
Nombre personal Rosa y Carpio, Ramón Benito de la,
Títulos u otras palabras asociadas con el nombre Mons.,
Fechas asociadas con el nombre 1939-
245 10 - MENCIÓN DE TITULO
Título Antes de un momento /
Mención de responsabilidad Ramón Benito de la Rosa y Carpio.
260 ## - PUBLICACIÓN, DISTRIBUCIÓN, ETC. (PIE DE IMPRENTA)
Lugar de publicación, distribución, etc Santo Domingo :
Nombre del editor, distribuidor, etc. Gráficas ITESA,
Fecha de publicación, distribución, etc 2009
300 ## - DESCRIPCIÓN FÍSICA
Extensión 187 p. ;
Dimensiones 24 cm.
490 1# - MENCIÓN DE SERIES
Mención de serie Libros de la Rosa
500 ## - NOTA GENERAL
Nota general Incluye datos biográficos del autor en las solapas
650 #4 - ENCABEZAMIENTO DE MATERIA--TEMÁTICO
Término temático o nombre geográfico como elemento de entrada EJERCICIOS ESPIRITUALES
650 #4 - ENCABEZAMIENTO DE MATERIA--TEMÁTICO
Término temático o nombre geográfico como elemento de entrada VIDA ESPIRITUAL
651 #4 - ENCABEZAMIENTO DE MATERIA--NOMBRE GEOGRÁFICO
Nombre geográfico REPÚBLICA DOMINICANA
Subdivisión temática general CONDICIONES SOCIALES
-- ENSAYOS, CONFERENCIAS, ETC.
651 #4 - ENCABEZAMIENTO DE MATERIA--NOMBRE GEOGRÁFICO
Nombre geográfico REPÚBLICA DOMINICANA
Subdivisión temática general VIDA SOCIAL Y COSTUMBRES
-- ENSAYOS, CONFERENCIAS, ETC.
651 #4 - ENCABEZAMIENTO DE MATERIA--NOMBRE GEOGRÁFICO
Nombre geográfico REPÚBLICA DOMINICANA
Subdivisión temática general HISTORIA
-- ENSAYOS, CONFERENCIAS, ETC.
830 #0 - ASIENTO SECUNDARIO DE SERIE--TÍTULO UNIFORME
Título uniforme Libros de la Rosa
910 ## - VALIDACIÓN
Validación Validado. Control de la calidad
942 ## - ADDED ENTRY ELEMENTS (KOHA)
Source of classification or shelving scheme Dewey Decimal Classification
Koha item type Libros
945 ## - INFORMACIÓN DE PROCESAMIENTO LOCAL
Información de procesamiento local Inventariado / 2017 VM
956 ## - LOCAL ELECTRONIC LOCATION AND ACCESS (OCLC)
Nombre de host BTAVAREZ
Número de acceso 10
Información de compresión 20171018
Inicio de sesión BPMSU
Procesador de solicitud 0038
Existencias
Withdrawn status Lost status Source of classification or shelving scheme Damaged status Not for loan Collection code Home library Current library Date acquired Source of acquisition Total Checkouts Full call number Barcode Date last seen Price effective from Koha item type Copy number
    Dewey Decimal Classification     Colección Dominicana Biblioteca Pública Metropolitana Salomé Ureña Biblioteca Pública Metropolitana Salomé Ureña 10/18/2017 FUNDI   248.4 R788a BPMSU17100049 10/18/2017 10/18/2017 Libros  
    Dewey Decimal Classification     Colección Dominicana Biblioteca Pública Metropolitana Salomé Ureña Biblioteca Pública Metropolitana Salomé Ureña 10/18/2017 FUNDI   248.4 R788a BPMSU17100050 10/18/2017 10/18/2017 Libros e. 2